000 01009cam a22003734i 4500
003 PE-LiUPU
005 20250731173156.0
008 150623s r 000 0 d
035 _a(Sirsi) a29046
040 _aPE-LiUPU
_bspa
_cPE-LiUPU
_erda
082 0 4 _a289.9
_bI71h
_221
100 1 _aIronside, H. A.
_qHenry Allan,
_d1876-1951.
_eautor.
245 1 2 _aA historical sketch of the Brethren movement /
_cH.A. Ironside.
264 1 _aNeptune, N.J. :
_bLoizeaux Bros.,
_c1985.
300 _a219 páginas ;
_c21 centímetros
336 _atext
_2rdacontent
337 _aunmediated
_2rdamedia
338 _avolume
_2rdacarrier
526 _aSEG42
526 _aSEG41
526 _aSEG40
526 _aSEG39
526 _aP94
526 _aP87
526 _aP86
526 _aP85
526 _aP77
526 _aP76
526 _aP35
650 1 4 _aHermanos de Plymouth
_xHistoria.
942 _2ddc
_cBK
980 _81
_gALBERTO SANCHEZ Responsable de Automatización
999 _c36361
_d36361